Kaliya damaan naat (Record no. 2689)

MARC details
000 -LEADER
fixed length control field 00480cam a2200193ua 4500
008 - FIXED-LENGTH DATA ELEMENTS--GENERAL INFORMATION
fixed length control field 110912n ii |||gr||||Z||||||asm
040 ## - CATALOGING SOURCE
Transcribing agency MAIN
082 ## - DEWEY DECIMAL CLASSIFICATION NUMBER
Classification number 891.4512
100 1# - MAIN ENTRY--PERSONAL NAME
Personal name Sankardeva,
Relator term
245 11 - TITLE STATEMENT
Title Kaliya damaan naat
Statement of responsibility, etc. by Sankardeva
250 ## - EDITION STATEMENT
Edition statement 1973.
260 ## - PUBLICATION, DISTRIBUTION, ETC.
Place of publication, distribution, etc. Guahati:
Name of publisher, distributor, etc. New book stall,973.
300 ## - PHYSICAL DESCRIPTION
Extent 32p:9cm.
700 1# - ADDED ENTRY--PERSONAL NAME
Personal name Sharma, Nabin Chandra,
Relator term
942 ## - ADDED ENTRY ELEMENTS (KOHA)
Koha item type Books
653 ## - INDEX TERM--UNCONTROLLED
Uncontrolled term Assamese drana
653 ## - INDEX TERM--UNCONTROLLED
Uncontrolled term Kaliya damaan naat
Holdings
Withdrawn status Lost status Damaged status Not for loan Home library Current library Shelving location Date acquired Total Checkouts Full call number Barcode Date last seen Copy number Price effective from Koha item type
        Central Library, Naharkatiya College Central Library, Naharkatiya College General Stacks 19/09/2020   891.4512 | SAN 7132 19/09/2020 1 19/09/2020 Books

Naharkatiya College © 2020. All rights reserved.

Powered By